000 00754nam a2200217Ia 4500
008 130821s1970 sp gr spa
040 _aCo-BoUCM
_bspa
041 0 0 _aspa
245 1 0 _aLibro de oro de la poesía en lengua castellana (España y América)
_cSelección y prólogo y notas biográficas de Maria Luz Morales
250 _a1a. ed.
260 _aBarcelona (España)
_bJuventud
_c1970
300 _a1343 páginas
490 _aClásicos Modernos
504 _aIncluye índice
650 0 4 _aLiteratura española
_97793
650 0 4 _aLiteratura latinoamericana
_918700
650 0 4 _aPoesía española
_921809
650 0 4 _aPoesía
_vColecciones
_921773
942 _cLIBRO
_a18
_e1
_mL697
_2DEWEY
_h861
_n0
999 _c27185
_d27185